000
00320nam a22001337a 4500
008
171013b xxu||||| |||| 00| 0 eng d
020
_a
9780205427192
041
_a
eng
080
_2
7 ED
_a
316
100
_a
51
101
_a
SOC
245
_a
SOCIOLOGY A DOWN TO EARDTH APPROACH
_c
HENSLIN.J.M
942
_2
udc
_c
BK
999
_c
33615
_d
33615